00535nam a2200169Ia 4500020001800000082002400018100001400042245004500056260004200101300001300143504003600156650003800192650003200230650005700262650002200319650002400341 a81-87502-48-7 a305.800954165 NUH-M aNuh, V.K. 0aMy native country: the land of the Nagas aGuwahatibSpectrum Publicationsc2002 axiv, 153 aincludes bibliography and index aNagalandvPolitics and government aNagalandvSocial conditions aNaga (South Asian people)vEthnic identityzNagaland aNagalandvHistory aGeographyzNagaland